000
00302nam a22001337a 4500
003
SGT
020
_a
97815-43343-27-4
100
_a
SHARMA, SHALINI
245
_a
PHARMACEUTICALS JURISPRUDENCE
250
_a
1st
260
_a
S, VIKASH PUB.
_b
PUNJAB
_c
2019
650
_a
JURISPRUDENCE
942
_2
ddc
_c
BK
999
_c
24708
_d
24708